00666nam a22001817a 45000050016000000200023000160350011000390370013000501000024000632450106000872600056001933000024002497000028002737000028003019420022003299990017003519520116003682012030901491.0 a8174730923c195.00 aB-6754 aDPLbENG aGupta, L. C.943671 aRadiology and imaging for students and practioners /cby L C Gupta, Abhitabh Gupta and Abhishek Gupta aDelhibA.I.T.B.S. Publishers and Distributorsc1999 axiv, 294p.c20 cms. aGupta, Abhitabh 943672 aGupta, Abhishek 943673 2ddccENh150mGUP c63937d63937 001040708NFICaZLSbZLSd2012-03-09g195.00l0o150 GUPpB-6754r2012-03-09 00:00:00v195.00w2012-03-09yEN